000
00277nam a22001337a 4500
003
SGT
020
_a
0916547043
082
_a
080
_b
A88W
100
_a
WHITE, E.G.
245
_a
AMERICA IN PROPHECY
260
_b
INSPIRATION BOOKS EAST
_c
1988
300
_a
649
942
_2
ddc
_c
BK
999
_c
31664
_d
31664